Tunnettuja Jussi nimisiä henkilöitä - Statistics

Yleistilastot
  • Tätä visaa on pelattu 91 kertaa
  • Keskiarvotulos 3 / 12
Vastaustilastot
Vihje Vastaus % Oikein
Kansanedustaja, puhemies Jussi Halla-aho
85%
Näyttelijä Jussi Vatanen
56%
Jääkiekkoilija Jussi Jokinen
45%
Laulaja-lauluntekijä Jussi Hakulinen
30%
radio- ja televisiojuontaja Jussi Heikelä
23%
ex-kansanedustaja, kaupunginjohtaja Jussi Niinistö
17%
Sarjakuvapiirtäjä Jussi Tuomola
12%
Näytelmäkirjailija, ohjaaja Jussi Parviainen
10%
Rumpali Jussi Vuori
7%
Toimittaja Jussi-Pekka Rantanen
6%
Kestävyysjuoksija Jussi Utriainen
6%
Kansanedustaja Jussi Saramo
1%
Ehtoja vastaavia visoja ei löytynyt
Tulosjakauma
Jokaisen tuloksen saaneiden osuus
Persentiili vastausten määrän mukaan
Tuloshistoriasi
Et ole pelannut tätä visaa